1715 1245 1042 1286 1075 1725 1648 1522 1248 1339 1684 1302 1855 1132 1926 1489 1212 1595 1216 1320 1946 1330 1132 1655 1606 1181 1275 1205 1557 1629 1273 1121 1853 1740 1597 1360 1104 1135 1542 1617 1784 1437 1282 1188 1982 1320 1936 1740 1158 1857 1540 1297 1908 1882 1222 1598 1297 1064 1679 1418 1070 1915 1180 1795 1133 1093 1869 1318 1824 1227 1699 1050 1861 1575 1367 1200 1732 1443 1769 1252 1889 1576 1737 1534 1094 1605 1586 1788 1771 1988 1357 1575 1302 1001 1255 1973 1600 1902 1442 BCNSPRNW ULIB Ver.6.0+V

เปลี่ยนเป็นภาษาไทย

Change to English
 แสดงรายละเอียดบรรณานุกรม
  กลับหน้าหลัก

Brief Record : Get Marc (ISO 2709) : E-mail record : QR code < ปิดหน้าต่าง
LEADER : 00000nam 2200000uu 4500
001    13399127575
003     ULIB
008    210205s2561||||th 000 0 tha d
020    ^a9786164431645
060    ^aQW4^bพ65จ
100    ^aพบชัย งามสกุลรุ่งโรจน์ และคนอื่นๆ
245    ^aจุลชีววิทยาการแพทย์ = Medical microbiology
250    ^aพิมพ์ครั้งที่ 3
260    ^aกรุงเทพฯ :^bพริ้นติ้ง,^c2561
300    ^a590 หน้า :^bภาพประกอบ ;^c26 ซม.
650    ^aจุลชีววิทยา
650    ^aแบคทีเรีย
650    ^aไวรัสวิทยา
650    ^aเชื้อรา
700    ^aวรรณี กัณฐกมาลากุล
700    ^aไอยฤทธิ์ ไทยพิสุทธิกุล
700    ^aภัทรชัย กีรติสิน
710    ^aมหาวิทยาลัยมหิดล. คณะแพทยศาสตร์ศิริราชพยาบาล. ภาควิชาจุลชีววิทยา
945    ^p950^l0^i28569
945    ^p950^l0^i28570
945    ^p950^l0^i28571
945    ^p950^l0^i28572
945    ^p950^l0^i28573
945    ^p950^l0^i28574
945    ^p950^l0^i28575
945    ^p950^l0^i28576
945    ^p950^l0^i28577
945    ^p950^l0^i28578
999    ^aกัณชพร จุลอักษร
รายการนี้ยังไม่มีแท็ก
คุณยังไม่ได้ล็อกอิน คุณสามารถมีกิจกรรมร่วมกับเว็บไซต์ได้ แต่ต้องล็อกอินก่อน ::
  ล็อกอิน

รายการสื่อสารสนเทศ

ลำดับที่ ประเภท เลขเรียก/บาร์โค้ด สถานที่ สถานะ
1. หนังสือสำรอง
หนังสือสำรอง
QW4 พ65จ ฉ.1 
  Barcode: 28569
ห้องสมุดวิทยาเขตนครสวรรค์
►หนังสือทั่วไป:l:General Books
บนชั้น
2. วิทยาศาสตร์การแพทย์ และสุขภาพ
วิทยาศาสตร์การแพทย์ และสุขภาพ
QW4 พ65จ ฉ.10 
  Barcode: 28578
ห้องสมุดวิทยาเขตนครสวรรค์
►หนังสือทั่วไป:l:General Books
บนชั้น
3. วิทยาศาสตร์การแพทย์ และสุขภาพ
วิทยาศาสตร์การแพทย์ และสุขภาพ
QW4 พ65จ ฉ.2 
  Barcode: 28570
ห้องสมุดวิทยาเขตนครสวรรค์
►หนังสือทั่วไป:l:General Books
บนชั้น
4. วิทยาศาสตร์การแพทย์ และสุขภาพ
วิทยาศาสตร์การแพทย์ และสุขภาพ
QW4 พ65จ ฉ.3 
  Barcode: 28571
ห้องสมุดวิทยาเขตนครสวรรค์
►หนังสือทั่วไป:l:General Books
บนชั้น
5. วิทยาศาสตร์การแพทย์ และสุขภาพ
วิทยาศาสตร์การแพทย์ และสุขภาพ
QW4 พ65จ ฉ.4 
  Barcode: 28572
ห้องสมุดวิทยาเขตนครสวรรค์
►หนังสือทั่วไป:l:General Books
บนชั้น
6. วิทยาศาสตร์การแพทย์ และสุขภาพ
วิทยาศาสตร์การแพทย์ และสุขภาพ
QW4 พ65จ ฉ.5 
  Barcode: 28573
ห้องสมุดวิทยาเขตนครสวรรค์
►หนังสือทั่วไป:l:General Books
บนชั้น
7. วิทยาศาสตร์การแพทย์ และสุขภาพ
วิทยาศาสตร์การแพทย์ และสุขภาพ
QW4 พ65จ ฉ.6 
  Barcode: 28574
ห้องสมุดวิทยาเขตนครสวรรค์
►หนังสือทั่วไป:l:General Books
บนชั้น
8. วิทยาศาสตร์การแพทย์ และสุขภาพ
วิทยาศาสตร์การแพทย์ และสุขภาพ
QW4 พ65จ ฉ.7 
  Barcode: 28575
ห้องสมุดวิทยาเขตนครสวรรค์
►หนังสือทั่วไป:l:General Books
บนชั้น
9. วิทยาศาสตร์การแพทย์ และสุขภาพ
วิทยาศาสตร์การแพทย์ และสุขภาพ
QW4 พ65จ ฉ.8 
  Barcode: 28576
ห้องสมุดวิทยาเขตนครสวรรค์
►หนังสือทั่วไป:l:General Books
บนชั้น
10. วิทยาศาสตร์การแพทย์ และสุขภาพ
วิทยาศาสตร์การแพทย์ และสุขภาพ
QW4 พ65จ ฉ.9 
  Barcode: 28577
ห้องสมุดวิทยาเขตนครสวรรค์
►หนังสือทั่วไป:l:General Books
บนชั้น

รายการใกล้เคียง
    ชื่อเรื่อง [จุลชีววิทยาการแพทย์ = Medical microbiology]

    ผู้แต่ง [พบชัย งามสกุลรุ่งโรจน์ และคนอื่นๆ]

    หัวเรื่อง [จุลชีววิทยา]
    หัวเรื่อง [แบคทีเรีย]
    หัวเรื่อง [ไวรัสวิทยา]
    หัวเรื่อง [เชื้อรา]

BibComment


ยังไม่เคยถูกคอมเมนท์

คอมเมนท์ทรัพยากรรายการนี้
  คอมเมนท์: จุลชีววิทยาการแพ..


 Copyright 2026. Bcnsprnw @Library